000 00703nam a2200241 i 4500
001 bg
245 0 0 _aMarketing w ekonomii i finansach :
_bwybrane zagadnienia /
_cpraca pod red. Haliny Zadory.
260 _aGliwice :
_bWydaw. PŚ,
_c2003.
300 _a178, [2] s. :
_bil. ;
_c24 cm.
490 1 _aMonografia / [Politechnika Śląska] ;
_v37
500 _aStreszcz. ang.
504 _aBibliogr.
650 9 _aMarketing
700 1 _aZADORA, Halina.
_eRed.
830 0 _aMonografia ([Politechnika Śląska]) ;
_v37
020 _a8373350144
040 _cBPK
041 0 _apol
_beng
080 _a339.138
920 _a83-7335-014-4
942 _cKS
008 s pl f |000 0 pol
999 _c43224
_d43224
856 _uhttp://koha.tu.koszalin.pl/cgi-bin/koha/opac-detail.pl?biblionumber=43224
_yKatalog online BPK